Catálogo

Vista normal Vista MARC

Entrada Personal Name

Número de registros utilizados en: 3

001 - CONTROL NUMBER

  • control field: 16967

003 - CONTROL NUMBER IDENTIFIER

  • control field: DLC

005 - DATE AND TIME OF LATEST TRANSACTION

  • control field: 20250410104112.0

008 - FIXED-LENGTH DATA ELEMENTS

  • fixed length control field: 781011n| azannaabn |a aaa

010 ## - LIBRARY OF CONGRESS CONTROL NUMBER

  • LC control number: n 78074078

035 ## - SYSTEM CONTROL NUMBER

  • System control number: (OCoLC)oca00209495

040 ## - CATALOGING SOURCE

  • Original cataloging agency: DLC
  • Language of cataloging: spa
  • Description conventions: rda
  • Transcribing agency: Mx-PuUPA
  • Modifying agency: DLC
  • Modifying agency: UPB
  • Modifying agency: OCoLC
  • Modifying agency: Mx-PuUPA

046 ## - SPECIAL CODED DATES

  • Birth date: 1947
  • Source of date scheme: edtf

100 1# - HEADING--PERSONAL NAME

  • Personal name: Brague, Rémi,
  • Dates associated with a name: 1947-

372 ## - FIELD OF ACTIVITY

  • Field of activity: Filosofía, influencias medievales e islámicas
  • Source of term: lcsh

373 ## - ASSOCIATED GROUP

  • Associated group: Universidad de París I: Panthéon-Sorbonne
  • Source of term: naf

374 ## - OCCUPATION

  • Occupation: Profesor universitario
  • Occupation: Autor
  • Source of term: lcsh

375 ## - GENDER

  • Gender: hombre

377 ## - ASSOCIATED LANGUAGE

  • Language code: fre

400 1# - SEE FROM TRACING--PERSONAL NAME

  • Personal name: Brague, R.
  • Fuller form of name: (Rémi),
  • Dates associated with a name: 1947-

670 ## - SOURCE DATA FOUND

  • Source citation: His Le restant, 1978:
  • Information found: t.p. (Rémi Brague, attaché de recherches au C.N.R.S.) cover (b. 1947; thesis, Univ. Paris-Sorbonne, 1976)

670 ## - SOURCE DATA FOUND

  • Source citation: His Du temps chez Platon et Aristote, c1982:
  • Information found: t.p. (Rémi Brague; chargé de recherches, CNRS) cover (R. Brague)

670 ## - SOURCE DATA FOUND

  • Source citation: The kingdom of man, 2018:
  • Information found: title page (Rémi Brague) title page verso (CIP heading: Brague, Rémi, 1947-) colophon (emeritus professor of medieval and Arabic philosophy, Université de Paris I) author of [La loi de dieu : histoire philosophique d'une alliance, translated to] The law of God : the philosophical history of an idea and [La sagesse du monde : histoire de l'expérience humaine de l'univers, translated to] The wisdom of the world : the human experience of the universe in Western thought)